000 00464cam a2200181ua 4500
020 _a0 19 853756 5
_c8.95
041 _aeng
_h
082 _a005.133
_bBIG/IN
100 _aBiggs, Norman L .
245 _aIntroduction to computer with pascal /
_cNorman L Biggs.
_hTextual Documents
250 _a1 /
_b.
260 _aOxford :
_bClarendon press ,
_c1989.
300 _a219 ; .
365 _a8.95
504 _a
942 _cBK
999 _c2668
_d2668